01207nab a22002417a 4500999001500000003000400015005001700019008004100036040000700077100002900084245011600113260007200229300001300301500003800314505025500352505008900607650002600696650002600722650003100748650002900779773014400808942001300952 c5711d5711OSt20251230234425.0190605e xxu||||| |||| 00| 0 spa d cPJ 96639aDe Giano, Rubén 10aLey de Bases : bsu aplicación a relaciones de trabajo en curso y su constitucionalidad /cRubén De Giano.  aCiudad Autónoma de Buenos Aires :bThomson Reuters La Ley,c2024. ap. 56-61 aCita: TR LALEY AR/DOC/2108/2024  a Sumario: I. Introducción.— II. ¿Es necesario revisitar el concepto de trabajo?— III. Vigencia y retroactividad de las leyes.— IV. La constitucionalidad de la Ley de Bases en relación con determinados efectos de las relaciones de trabajo.  t¿Te interesa el texto completo? Solicitalo al correo: koha@justierradelfuego.gov.ar 091316aDERECHO LABORAL 091391aREFORMA LABORAL 091803aRELACIONES LABORALES 094597aCONSTITUCIONALIDAD0 0271193168dCiudad Autónoma de Buenos Aires : Thomson Reuters La Ley, 1999-2002.tRevista de derecho del trabajo. Nº 5 - Septiembre 2024 2udccANA